Top Defenses in College Football 2023 - Statistics

General Stats
  • This quiz has been taken 28 times
  • The average score is 13 of 25
Answer Stats
Team Yards Allowed per Game % Correct
Alabama 316.0
100%
Georgia 289.1
96%
Michigan 247.0
96%
Ohio 273.9
88%
Ohio State 265.4
83%
Notre Dame 275.8
75%
Iowa 282.5
71%
Oregon 318.4
71%
Texas A&M 316.2
71%
Miami 321.6
67%
Nebraska 303.5
58%
Clemson 287.8
54%
Penn State 247.6
54%
UCLA 301.5
54%
Utah 307.2
54%
Louisville 316.9
50%
Virginia Tech 316.8
42%
SMU 304.1
38%
Rutgers 313.5
33%
Air Force 277.7
25%
Bowling Green 326.1
17%
Northern Illinois 321.0
17%
Ball State 315.8
13%
South Alabama 313.2
13%
Troy 308.3
8%
No matching quizzes found
Score Distribution
Percent of People with Each Score
Percentile by Number Answered
Your Score History
You have not taken this quiz